[Event "DEM U12 2011"]
[Site "Oberhof GER"]
[Date "2011.06.17"]
[Round "10"]
[White "Nguyen, Huy Dat"]
[Black "Angrick, Philipp"]
[Result "1-0"]
[Termination "normal"]
[Board "16"]
[WhiteElo "1537"]
[BlackElo "1834"]
[PlyCount "41"]
[WhiteFideId "12923486"]
[BlackFideId "12912298"]
[EventCountry "GER"]
[EventRounds "11"]
[EventType "swiss"]
[EventDate "2011.06.11"]

1. d4 d5 2. c4 e6 3. Nf3 Nf6 4. g3 dxc4 5. Bg2 c6 6. Ne5 Bb4+ 7. Bd2 Qxd4 8.
Bxb4 Qxe5 9. Na3 b5 10. Bd6 Qxb2 11. O-O a6 12. Nxc4 bxc4 13. Rb1 Qxa2 14. Bxb8
Nd5 15. Bd6 f6 16. Qd4 Qxe2 17. Qc5 Bd7 18. Rfe1 Qa2 19. Rb7 c3 20. Rxe6+ Kf7
21. Re1 1-0

[Event "DEM U12 2011"]
[Site "Oberhof GER"]
[Date "2011.06.17"]
[Round "10"]
[White "Kreyssig, Bruno"]
[Black "Rogozenco, Teodora"]
[Result "1-0"]
[Termination "normal"]
[Board "18"]
[WhiteElo "1587"]
[BlackElo "1356"]
[PlyCount "49"]
[WhiteFideId "4692489"]
[BlackFideId "12938084"]
[EventCountry "GER"]
[EventRounds "11"]
[EventType "swiss"]
[EventDate "2011.06.11"]

1. e4 c5 2. Nc3 Nc6 3. f4 g6 4. Nf3 Bg7 5. Bc4 e6 6. f5 Nge7 7. fxe6 fxe6 8.
O-O O-O 9. a4 d5 10. exd5 exd5 11. Ba2 Nb4 12. d3 Nxa2 13. Rxa2 Be6 14. Ra1 Qb6
15. Bg5 Nf5 16. Rb1 Qb4 17. Nb5 Qxa4 18. Nc7 Rae8 19. Nxe8 Rxe8 20. Re1 Qc6 21.
Ne5 Qc7 22. Ng4 Qf7 23. Rf1 Rf8 24. Nh6+ Bxh6 25. Bxh6 1-0

[Event "DEM U12 2011"]
[Site "Oberhof GER"]
[Date "2011.06.17"]
[Round "10"]
[White "Brandl, Lea Maria"]
[Black "Gschnitzer, Adrian"]
[Result "1/2-1/2"]
[Termination "normal"]
[Board "19"]
[WhiteElo "1546"]
[BlackElo "1590"]
[PlyCount "73"]
[WhiteFideId "24693049"]
[BlackFideId "1270337"]
[EventCountry "GER"]
[EventRounds "11"]
[EventType "swiss"]
[EventDate "2011.06.11"]

1. d4 d5 2. c4 e6 3. Nc3 Nf6 4. Bg5 Be7 5. Nf3 O-O 6. e3 Nbd7 7. Bd3 dxc4 8.
Bxc4 a6 9. Rc1 b5 10. Bd3 Bb7 11. O-O Rc8 12. Qe2 c5 13. Rfd1 c4 14. Bb1 Bc6
15. a3 Nd5 16. Bxe7 Qxe7 17. Ne4 e5 18. Qc2 f5 19. Ng3 e4 20. Ne1 N7b6 21. Ne2
b4 22. Qd2 bxa3 23. bxa3 Qxa3 24. Nc3 Ba4 25. Nxd5 Nxd5 26. Bc2 Bxc2 27. Qxc2
Qb3 28. h3 a5 29. Ra1 a4 30. Rdb1 Qxc2 31. Nxc2 Nc3 32. Rb4 Rf7 33. Kf1 Ra7 34.
Ra3 Nd5 35. Rbxa4 Rxa4 36. Rxa4 Kf7 37. Ra5 1/2-1/2

[Event "DEM U12 2011"]
[Site "Oberhof GER"]
[Date "2011.06.17"]
[Round "10"]
[White "Sawlin, Leonid"]
[Black "Peter, Anton"]
[Result "1-0"]
[Termination "normal"]
[Board "20"]
[WhiteElo "1920"]
[BlackElo "1757"]
[PlyCount "53"]
[WhiteFideId "4689542"]
[BlackFideId "12901660"]
[EventCountry "GER"]
[EventRounds "11"]
[EventType "swiss"]
[EventDate "2011.06.11"]

1. e4 c5 2. Nf3 e6 3. d4 cxd4 4. Nxd4 Qb6 5. Nb3 Nc6 6. Be3 Qc7 7. Nc3 Bb4 8.
Bd2 a6 9. Bd3 Nf6 10. O-O O-O 11. a3 Be7 12. f4 d6 13. f5 Ne5 14. Bf4 Nxd3 15.
Qxd3 b5 16. Rad1 Rd8 17. Bg5 Ng4 18. Bxe7 Qxe7 19. Qg3 exf5 20. Nd5 Qa7+ 21.
Kh1 fxe4 22. Nd4 Ne5 23. Nf6+ Kh8 24. Nxh7 Bg4 25. Ng5 Bxd1 26. Qh4+ Kg8 27.
Nde6 1-0

[Event "DEM U12 2011"]
[Site "Oberhof GER"]
[Date "2011.06.17"]
[Round "10"]
[White "Gheng, Christian"]
[Black "Surguchov, Alexander"]
[Result "1/2-1/2"]
[Termination "normal"]
[Board "21"]
[WhiteElo "1679"]
[BlackElo "1545"]
[PlyCount "30"]
[WhiteFideId "24660345"]
[BlackFideId "1272035"]
[EventCountry "GER"]
[EventRounds "11"]
[EventType "swiss"]
[EventDate "2011.06.11"]

1. e4 e6 2. d4 d5 3. Nc3 Bb4 4. e5 c5 5. a3 Bxc3+ 6. bxc3 Ne7 7. Nf3 Qc7 8. Bd3
b6 9. Bd2 Ba6 10. Rb1 Bxd3 11. cxd3 Nd7 12. Bg5 cxd4 13. cxd4 Qc3+ 14. Bd2 Qxd3
15. Rb3 Qa6 1/2-1/2

[Event "DEM U12 2011"]
[Site "Oberhof GER"]
[Date "2011.06.17"]
[Round "10"]
[White "Urban, Konstantin"]
[Black "Blösch, Christoph"]
[Result "1-0"]
[Termination "normal"]
[Board "22"]
[WhiteElo "1648"]
[BlackElo "1504"]
[PlyCount "101"]
[WhiteFideId "12927511"]
[BlackFideId "12918121"]
[EventCountry "GER"]
[EventRounds "11"]
[EventType "swiss"]
[EventDate "2011.06.11"]

1. e4 e5 2. f4 exf4 3. Nf3 g5 4. Bc4 Qe7 5. Nc3 c6 6. Qe2 d6 7. d4 Bg7 8. h3 h5
9. h4 f6 10. Bd2 Nd7 11. O-O-O Nb6 12. Bb3 Bd7 13. Rhe1 O-O-O 14. a4 Kc7 15. a5
Nc8 16. Qc4 Kb8 17. e5 dxe5 18. dxe5 fxe5 19. hxg5 Bg4 20. Bxf4 Rxd1+ 21. Nxd1
Bxf3 22. gxf3 Qf8 23. Bxe5+ Bxe5 24. Rxe5 Nge7 25. Qf7 Qxf7 26. Bxf7 Rh7 27. g6
Rg7 28. Rg5 Nxg6 29. Bxg6 Ne7 30. Rxh5 Rxg6 31. Kd2 Kc7 32. Ne3 Kd6 33. Nc4+
Ke6 34. Re5+ Kf6 35. Rh5 Rg2+ 36. Kd3 Rg3 37. Ke4 Rg2 38. Ne3 Re2 39. Kd3 Re1
40. a6 b6 41. Ng4+ Ke6 42. Rh6+ Kd7 43. Nf6+ Kc7 44. Rh7 Kd8 45. Rh4 c5 46.
Rh8+ Kc7 47. Re8 Kd6 48. Ng8 b5 49. Nxe7 Rxe7 50. Rxe7 Kxe7 51. Ke4 1-0

[Event "DEM U12 2011"]
[Site "Oberhof GER"]
[Date "2011.06.17"]
[Round "10"]
[White "Kololli, Kevin"]
[Black "Kitze, Alexander"]
[Result "0-1"]
[Termination "normal"]
[Board "23"]
[WhiteElo "1596"]
[BlackElo "1717"]
[PlyCount "80"]
[WhiteFideId "12936863"]
[BlackFideId "12914827"]
[EventCountry "GER"]
[EventRounds "11"]
[EventType "swiss"]
[EventDate "2011.06.11"]

1. e4 c5 2. c3 d5 3. exd5 Qxd5 4. d4 Nc6 5. Nf3 Bg4 6. Be2 Nf6 7. c4 Qd6 8. d5
Ne5 9. O-O Nxf3+ 10. Bxf3 Bxf3 11. Qxf3 g6 12. Re1 Bg7 13. Bf4 Qd7 14. Nc3 O-O
15. Qe3 Rfe8 16. Qxc5 Rac8 17. Qb4 a5 18. Qb3 Qg4 19. Bg3 Qxc4 20. Qxb7 Kf8 21.
h3 Nh5 22. Re4 Qc5 23. Bh4 Nf6 24. Ree1 Rb8 25. Qc6 Qxc6 26. dxc6 Rxb2 27. Na4
Rb4 28. Nc5 Rxh4 29. Rac1 Nd5 30. Nd7+ Kg8 31. Rc5 Nc7 32. g4 Rxh3 33. Rb1 Rc3
34. Rxc3 Bxc3 35. Rb7 Ne6 36. c7 Bd4 37. Kg2 f6 38. f4 Nxf4+ 39. Kf3 Ne6 40.
Ke4 Kf7 0-1

[Event "DEM U12 2011"]
[Site "Oberhof GER"]
[Date "2011.06.17"]
[Round "10"]
[White "Burg, Niclas"]
[Black "Niediek, Cedric"]
[Result "0-1"]
[Termination "normal"]
[Board "24"]
[WhiteElo "1311"]
[BlackElo "1641"]
[PlyCount "88"]
[WhiteFideId "1271968"]
[EventCountry "GER"]
[EventRounds "11"]
[EventType "swiss"]
[EventDate "2011.06.11"]

1. e4 c5 2. Nf3 Nc6 3. d4 cxd4 4. Nxd4 e5 5. Nb5 a6 6. Nd6+ Bxd6 7. Qxd6 Qf6 8.
Qc7 Nge7 9. Nc3 Nb4 10. Na4 b5 11. a3 Nxc2+ 12. Qxc2 bxa4 13. Qxa4 O-O 14. Be2
d6 15. O-O Bb7 16. Be3 Bc6 17. Qc2 Qg6 18. Bd3 Rfc8 19. Qd2 f5 20. f3 fxe4 21.
fxe4 Bxe4 22. Bxe4 Qxe4 23. Rae1 Rc2 24. Qxc2 Qxc2 25. Rd1 Qxb2 26. Rxd6 Qxa3
27. Rdd1 Qxe3+ 28. Kh1 h6 29. Rde1 Qd3 30. Rf2 Rc8 31. Rfe2 e4 32. h3 Rc4 33.
Re3 Qd5 34. Rb3 Kh7 35. Rbe3 Nf5 36. Ra3 a5 37. Rea1 a4 38. Re1 e3 39. Raa1 Rc2
40. Rg1 Nh4 41. Rxa4 Rxg2 42. Rg4 Rxg4+ 43. Kh2 Nf3+ 44. Kh1 Rxg1# 0-1

[Event "DEM U12 2011"]
[Site "Oberhof GER"]
[Date "2011.06.17"]
[Round "10"]
[White "Wächter, Nathalie"]
[Black "Spitzl, Vinzent"]
[Result "0-1"]
[Termination "normal"]
[Board "25"]
[WhiteElo "1707"]
[BlackElo "1701"]
[PlyCount "132"]
[WhiteFideId "12921033"]
[BlackFideId "12901253"]
[EventCountry "GER"]
[EventRounds "11"]
[EventType "swiss"]
[EventDate "2011.06.11"]

1. e4 e5 2. Nf3 Nc6 3. Bc4 Bc5 4. c3 Nf6 5. d3 O-O 6. O-O d5 7. exd5 Nxd5 8.
Re1 Bg4 9. h3 Bh5 10. Bb3 Re8 11. Nbd2 Nf4 12. d4 exd4 13. Ne4 Bd6 14. cxd4
Bxf3 15. Qxf3 Nxd4 16. Qd1 Nxb3 17. Qxb3 b6 18. Qf3 Ng6 19. Bd2 Ne5 20. Qc3 Qd7
21. Nxd6 cxd6 22. Rad1 Rac8 23. Qg3 Re6 24. Bc3 f6 25. Qe3 Rce8 26. Qd4 Nf7 27.
Rxe6 Rxe6 28. Qg4 Ne5 29. Qf5 g6 30. Qc2 Kg7 31. Qb3 Nc6 32. Qb5 Ne5 33. Qxd7+
Nxd7 34. Kf1 Kf7 35. a4 Nc5 36. a5 Ke7 37. axb6 axb6 38. Ra1 Kf7 39. Ra7+ Re7
40. Ra1 d5 41. f3 f5 42. b4 Ne6 43. Rd1 Rd7 44. g3 Ke7 45. Bd4 Nxd4 46. Rxd4
Kd6 47. Ke2 Rc7 48. Kd3 Ra7 49. Ke2 Ke5 50. Rd2 d4 51. Rb2 Ra3 52. h4 Kd5 53.
Kf2 Kc4 54. Ke2 Re3+ 55. Kf2 Kc3 56. Rb1 Rd3 57. b5 Rd2+ 58. Kf1 Rb2 59. Re1 d3
60. g4 fxg4 61. fxg4 Kc2 62. Re3 d2 63. Re2 Kc1 64. Rxd2 Rxd2 65. h5 gxh5 66.
gxh5 Kc2 0-1

[Event "DEM U12 2011"]
[Site "Oberhof GER"]
[Date "2011.06.17"]
[Round "10"]
[White "Krüger, David"]
[Black "Sherif, Amina"]
[Result "1-0"]
[Termination "normal"]
[Board "26"]
[WhiteElo "1810"]
[BlackElo "1345"]
[PlyCount "87"]
[WhiteFideId "12921858"]
[BlackFideId "12911690"]
[EventCountry "GER"]
[EventRounds "11"]
[EventType "swiss"]
[EventDate "2011.06.11"]

1. e4 e5 2. Nf3 Nf6 3. Nxe5 d6 4. Nf3 Nxe4 5. Nc3 Nxc3 6. dxc3 Be7 7. Be3 Nc6
8. Qd2 O-O 9. O-O-O Ne5 10. h4 Be6 11. Kb1 Bf6 12. Ng5 Bf5 13. f3 h6 14. Ne4
Be7 15. Bd3 Qd7 16. Rdf1 Qc6 17. g4 Nxf3 18. Rxf3 Bxe4 19. Bxe4 Qxe4 20. Rff1
Rad8 21. Re1 Qc6 22. Rh2 Bf6 23. g5 Be5 24. Rhh1 h5 25. Rhg1 g6 26. Ref1 Qc4
27. Qe1 Rde8 28. Qf2 Qb5 29. Qd2 Qc4 30. Qf2 Qb5 31. Ka1 Bg7 32. Qd2 Qc4 33.
Rf4 Re4 34. Rgf1 Rfe8 35. a3 Be5 36. Rxf7 Rxh4 37. Qf2 Bg7 38. Bd4 Rxd4 39.
cxd4 Qc6 40. c3 Qb6 41. Rxg7+ Kxg7 42. Qf7+ Kh8 43. Qxe8+ Kg7 44. Rf7# 1-0

[Event "DEM U12 2011"]
[Site "Oberhof GER"]
[Date "2011.06.17"]
[Round "10"]
[White "Rausch, Adrian"]
[Black "Diener, Carolin"]
[Result "1-0"]
[Termination "normal"]
[Board "27"]
[WhiteElo "1469"]
[BlackElo "1590"]
[PlyCount "111"]
[WhiteFideId "12929069"]
[BlackFideId "24699063"]
[EventCountry "GER"]
[EventRounds "11"]
[EventType "swiss"]
[EventDate "2011.06.11"]

1. d4 d5 2. Nf3 e6 3. c4 Nf6 4. g3 Be7 5. Bg2 O-O 6. O-O Nbd7 7. Nc3 b6 8. Bf4
a6 9. Qc2 Bb7 10. Nd2 Rc8 11. e4 dxe4 12. Ndxe4 Nxe4 13. Nxe4 Ba8 14. Rfd1 Nf6
15. Nxf6+ Bxf6 16. Bxa8 Rxa8 17. Be5 Qe7 18. Rd3 Bxe5 19. dxe5 Qc5 20. Qc3 f6
21. b4 Qc6 22. exf6 Rxf6 23. c5 Raf8 24. f4 bxc5 25. Qxc5 Qxc5+ 26. bxc5 Rf5
27. Rc1 Rd5 28. Rxd5 exd5 29. Rd1 Rd8 30. Kf2 c6 31. Rb1 Rc8 32. Rb6 a5 33. Ra6
Rb8 34. Rxa5 Rb2+ 35. Ke3 Rxh2 36. Ra6 Rh6 37. a4 Re6+ 38. Kd4 Kf7 39. a5 Re4+
40. Kd3 Ra4 41. Rxc6 Rxa5 42. Kd4 Ra1 43. Rd6 Rd1+ 44. Ke5 Re1+ 45. Kxd5 Rd1+
46. Kc6 Rc1 47. Rd5 Ke6 48. Re5+ Kf6 49. Kd6 Rd1+ 50. Rd5 Re1 51. c6 Re6+ 52.
Kd7 Re7+ 53. Kd8 Rf7 54. c7 Rxc7 55. Kxc7 Ke6 56. Re5+ 1-0

[Event "DEM U12 2011"]
[Site "Oberhof GER"]
[Date "2011.06.17"]
[Round "10"]
[White "Paulsen, Alexej"]
[Black "Sadewasser, Lucie"]
[Result "1-0"]
[Termination "normal"]
[Board "28"]
[WhiteElo "1559"]
[BlackElo "1361"]
[PlyCount "107"]
[WhiteFideId "24662372"]
[BlackFideId "12905445"]
[EventCountry "GER"]
[EventRounds "11"]
[EventType "swiss"]
[EventDate "2011.06.11"]

1. e4 e5 2. Nf3 Nc6 3. Bb5 a6 4. Ba4 b5 5. Bb3 Nf6 6. d3 d6 7. c3 Bg4 8. O-O
Be7 9. Nbd2 Na5 10. Bc2 O-O 11. Re1 Rb8 12. a3 c5 13. b4 Nc6 14. Nf1 Ra8 15. h3
Be6 16. d4 exd4 17. cxd4 cxd4 18. Nxd4 Nxd4 19. Qxd4 Ne8 20. f4 Bc4 21. Nd2 Rc8
22. Bd3 Bxd3 23. Qxd3 Qb6+ 24. Qe3 Qxe3+ 25. Rxe3 Bf6 26. e5 dxe5 27. fxe5 Bg5
28. Re1 Rxc1 29. Rexc1 Bxd2 30. Rc6 g6 31. Rxa6 Bc3 32. Rb1 Bxe5 33. a4 bxa4
34. Rxa4 Nc7 35. b5 Rb8 36. b6 Na8 37. b7 Nc7 38. Kf2 Kg7 39. Kf3 f5 40. g4
fxg4+ 41. hxg4 Kh6 42. Ke4 Bf6 43. Rc4 Re8+ 44. Kf3 Na6 45. Rc8 Rh8 46. Rb6 Be5
47. Rxa6 Kg7 48. Rxh8 Kxh8 49. Ra8+ Kg7 50. b8=Q Bxb8 51. Rxb8 Kh6 52. Kf4 Kg7
53. Rb7+ Kf8 54. Kg5 1-0

[Event "DEM U12 2011"]
[Site "Oberhof GER"]
[Date "2011.06.17"]
[Round "10"]
[White "Wiesner, Paula"]
[Black "Halas, Julia"]
[Result "1-0"]
[Termination "normal"]
[Board "29"]
[WhiteElo "1792"]
[BlackElo "1424"]
[PlyCount "57"]
[WhiteFideId "24654019"]
[BlackFideId "12931810"]
[EventCountry "GER"]
[EventRounds "11"]
[EventType "swiss"]
[EventDate "2011.06.11"]

1. e4 e5 2. Nf3 Nf6 3. Nxe5 d6 4. Nf3 Nxe4 5. Nc3 Nxc3 6. dxc3 Be7 7. Bf4 O-O
8. Qd2 Be6 9. O-O-O Nd7 10. Kb1 Nf6 11. Bd3 Qd7 12. Bg5 a5 13. h4 Qa4 14. a3 b5
15. Qe2 Rfb8 16. Bxf6 Bxf6 17. Ng5 Bxg5 18. hxg5 g6 19. Be4 Ra6 20. Rd4 Bc4 21.
Qf3 c5 22. Rdd1 b4 23. Qh3 h5 24. gxh6 bxa3 25. h7+ Kh8 26. b4 axb4 27. Qh4
bxc3+ 28. Ka1 Rb1+ 29. Rxb1 1-0

[Event "DEM U12 2011"]
[Site "Oberhof GER"]
[Date "2011.06.17"]
[Round "10"]
[White "Klodt, Daniel"]
[Black "Bruns, Kai-Christian"]
[Result "0-1"]
[Termination "normal"]
[Board "30"]
[WhiteElo "1390"]
[BlackElo "1645"]
[PlyCount "62"]
[WhiteFideId "12938068"]
[BlackFideId "12938025"]
[EventCountry "GER"]
[EventRounds "11"]
[EventType "swiss"]
[EventDate "2011.06.11"]

1. e4 c5 2. Nf3 Nc6 3. d4 cxd4 4. Nxd4 g6 5. Nc3 Bg7 6. Be3 Nf6 7. Bc4 O-O 8.
Bb3 d6 9. f3 Bd7 10. Qd2 Nxd4 11. Bxd4 b5 12. g4 a5 13. h4 a4 14. Bd5 b4 15.
Bxa8 bxc3 16. Qxc3 Qxa8 17. h5 Rc8 18. Qd3 a3 19. b3 Qa5+ 20. c3 e5 21. h6 Bh8
22. Bxe5 dxe5 23. g5 Bb5 24. Qd2 Rd8 25. b4 Rxd2 26. bxa5 Re2+ 27. Kd1 Nh5 28.
Rb1 Rb2 29. Rxb2 axb2 30. Kc2 f6 31. Rd1 Ba4+ 0-1

[Event "DEM U12 2011"]
[Site "Oberhof GER"]
[Date "2011.06.17"]
[Round "10"]
[White "Schackmann, Oliver"]
[Black "Moses, Selina"]
[Result "1-0"]
[Termination "normal"]
[Board "31"]
[WhiteElo "1829"]
[BlackElo "1704"]
[PlyCount "109"]
[WhiteFideId "12905267"]
[BlackFideId "12908070"]
[EventCountry "GER"]
[EventRounds "11"]
[EventType "swiss"]
[EventDate "2011.06.11"]

1. e4 c5 2. Nc3 Nc6 3. g3 g6 4. Bg2 Bg7 5. f4 d6 6. d3 e6 7. Nf3 Nge7 8. O-O
O-O 9. h3 Bd7 10. Ne2 Nd4 11. c3 Nxf3+ 12. Rxf3 Qb6 13. Kh2 Bc6 14. Rf1 f5 15.
exf5 exf5 16. Bxc6 Nxc6 17. Ng1 d5 18. Nf3 Rae8 19. Re1 d4 20. c4 Qa6 21. Bd2
b5 22. b3 Qb6 23. Qc2 a5 24. Kg2 Nb4 25. Bxb4 axb4 26. Kf2 Re3 27. Rad1 Rfe8
28. Ng1 Qe6 29. Re2 Rxe2+ 30. Qxe2 Qe3+ 31. Qxe3 dxe3+ 32. Ke2 bxc4 33. dxc4
Bd4 34. Nf3 Re4 35. Rd3 Kf7 36. Ng5+ Kf6 37. Nxe4+ fxe4 38. Rd1 Kf5 39. Rf1 h5
40. Rg1 Bc3 41. Rf1 Bd4 42. Rd1 h4 43. gxh4 Kxf4 44. Rg1 Kf5 45. Rg4 Kf6 46.
Rxe4 Kf5 47. Rg4 Kf6 48. Rg5 Kf7 49. h5 gxh5 50. Rxh5 Kg6 51. Rd5 Kf6 52. h4
Kg6 53. h5+ Kf6 54. h6 Kg6 55. Rxd4 1-0

[Event "DEM U12 2011"]
[Site "Oberhof GER"]
[Date "2011.06.17"]
[Round "10"]
[White "Rätzke von Stoyentin, Steffen"]
[Black "Trotzke, Johannes"]
[Result "1-0"]
[Termination "normal"]
[Board "32"]
[WhiteElo "1728"]
[BlackElo "1491"]
[PlyCount "83"]
[WhiteFideId "12907502"]
[BlackFideId "12918105"]
[EventCountry "GER"]
[EventRounds "11"]
[EventType "swiss"]
[EventDate "2011.06.11"]

1. d4 d5 2. Bg5 h6 3. Bh4 Nf6 4. Bxf6 exf6 5. e3 Bf5 6. Nf3 Bd6 7. c4 dxc4 8.
Bxc4 O-O 9. Nc3 Nc6 10. O-O Ne7 11. Nd2 c6 12. a3 Qc7 13. h3 Qd7 14. Qf3 Bb8
15. Rfe1 Ng6 16. Bf1 Qd6 17. g3 Qd7 18. Kh2 Ne7 19. Nb3 Rd8 20. Nc5 Qc7 21.
Rad1 b6 22. Na6 Qc8 23. Nxb8 Rxb8 24. e4 Bg6 25. Bg2 f5 26. e5 Nd5 27. Rc1 Qe6
28. Nxd5 Rxd5 29. Rxc6 Qxc6 30. Qxd5 Qc2 31. Qd7 Qxf2 32. Qxa7 Re8 33. Qd7 Rf8
34. Rc1 f4 35. Qg4 Be4 36. gxf4 Qxb2 37. Rg1 Rd8 38. f5 Rxd4 39. f6 Bg6 40.
Qc8+ Kh7 41. Qf8 gxf6 42. exf6 1-0

[Event "DEM U12 2011"]
[Site "Oberhof GER"]
[Date "2011.06.17"]
[Round "10"]
[White "Kast, Larissa"]
[Black "Schulte, Felix"]
[Result "0-1"]
[Termination "normal"]
[Board "33"]
[WhiteElo "1158"]
[BlackElo "1573"]
[PlyCount "84"]
[WhiteFideId "24699055"]
[BlackFideId "12914800"]
[EventCountry "GER"]
[EventRounds "11"]
[EventType "swiss"]
[EventDate "2011.06.11"]

1. e4 c5 2. Nf3 d6 3. d4 cxd4 4. Nxd4 Nf6 5. Nc3 a6 6. f3 e6 7. Be3 Nbd7 8. Qd2
b5 9. O-O-O Bb7 10. g4 h6 11. h4 b4 12. Nce2 d5 13. exd5 Nxd5 14. Bg2 Rc8 15.
g5 Nxe3 16. Qxe3 Qc7 17. g6 e5 18. Rd2 Bc5 19. Re1 O-O 20. Bh3 exd4 21. Nxd4
Rcd8 22. gxf7+ Kh8 23. Qe8 Nf6 24. Qa4 Bxd4 25. Qxb4 Qb6 26. Qxb6 Bxb6 27. Rxd8
Bxd8 28. Be6 Bxf3 29. Re3 Bh5 30. Ra3 a5 31. Rd3 Bc7 32. Rc3 Bf4+ 33. Kb1 Bxf7
34. Bxf7 Rxf7 35. Rc8+ Kh7 36. Ra8 Ne4 37. Rxa5 Bc7 38. b4 Bxa5 39. bxa5 Ra7
40. c4 Rxa5 41. Kb2 g5 42. hxg5 hxg5 0-1

[Event "DEM U12 2011"]
[Site "Oberhof GER"]
[Date "2011.06.17"]
[Round "10"]
[White "Kempe, Anne"]
[Black "Silber, Stefanie"]
[Result "1-0"]
[Termination "normal"]
[Board "34"]
[WhiteElo "1538"]
[BlackElo "1095"]
[PlyCount "59"]
[WhiteFideId "12918083"]
[BlackFideId "12918245"]
[EventCountry "GER"]
[EventRounds "11"]
[EventType "swiss"]
[EventDate "2011.06.11"]

1. e4 c6 2. d4 d5 3. exd5 cxd5 4. c4 Nf6 5. Nc3 e6 6. Nf3 Nc6 7. c5 h6 8. a3
Be7 9. b4 a6 10. Bd3 Qc7 11. h3 O-O 12. O-O e5 13. dxe5 Nxe5 14. Nxe5 Qxe5 15.
Bb2 Be6 16. Re1 Qc7 17. Ne2 Rfe8 18. Nd4 Qd7 19. Rc1 Rac8 20. Bc2 Qc7 21. Nxe6
fxe6 22. Rxe6 Rcd8 23. Re3 Ne4 24. Rf3 Rf8 25. Rxf8+ Rxf8 26. Qxd5+ Kh8 27.
Qxe4 Kg8 28. Qh7+ Kf7 29. Qg6+ Kg8 30. Qxg7# 1-0

[Event "DEM U12 2011"]
[Site "Oberhof GER"]
[Date "2011.06.17"]
[Round "10"]
[White "Hoffmann, Christoph"]
[Black "Tiedemann, Fin Niklas"]
[Result "1/2-1/2"]
[Termination "normal"]
[Board "35"]
[WhiteElo "1360"]
[BlackElo "1525"]
[PlyCount "62"]
[BlackFideId "12936936"]
[EventCountry "GER"]
[EventRounds "11"]
[EventType "swiss"]
[EventDate "2011.06.11"]

1. d4 Nf6 2. c4 e6 3. Nc3 Bb4 4. Qc2 d5 5. Bg5 c5 6. dxc5 d4 7. Rd1 Bxc5 8. e3
Nc6 9. Nf3 e5 10. exd4 Nxd4 11. Nxd4 exd4 12. Nd5 Qa5+ 13. Bd2 Qd8 14. Bg5 O-O
15. Bd3 Re8+ 16. Kf1 Bg4 17. f3 Nxd5 18. cxd5 Qxg5 19. Qxc5 Qf4 20. Qc2 Bxf3
21. gxf3 Qxf3+ 22. Kg1 Re3 23. Bxh7+ Kh8 24. Rf1 Qg4+ 25. Qg2 Qxg2+ 26. Kxg2
Kxh7 27. Rxf7 Re2+ 28. Kf3 Rxb2 29. Ke4 Rd8 30. Rg1 Rxa2 31. Rgxg7+ Kh8 1/2-1/2

[Event "DEM U12 2011"]
[Site "Oberhof GER"]
[Date "2011.06.17"]
[Round "10"]
[White "Müller, Sophie"]
[Black "Speck, Jakob"]
[Result "1/2-1/2"]
[Termination "normal"]
[Board "36"]
[WhiteElo "1386"]
[BlackElo "987"]
[PlyCount "136"]
[WhiteFideId "12926698"]
[BlackFideId "12938181"]
[EventCountry "GER"]
[EventRounds "11"]
[EventType "swiss"]
[EventDate "2011.06.11"]

1. d4 d5 2. Bf4 Nf6 3. e3 c5 4. c3 Nc6 5. Bd3 Qb6 6. Qc1 Bg4 7. Nd2 e6 8. Ngf3
Be7 9. O-O O-O 10. h3 Bh5 11. dxc5 Bxc5 12. Qc2 Bg6 13. Bxg6 fxg6 14. Ng5 Rfe8
15. Ngf3 e5 16. Bg3 d4 17. Nc4 Qd8 18. Nfxe5 dxe3 19. Nxc6 exf2+ 20. Bxf2 Bxf2+
21. Rxf2 bxc6 22. Qd1 Qxd1+ 23. Rxd1 Ne4 24. Re2 Ng3 25. Rxe8+ Rxe8 26. Kf2
Ne4+ 27. Kg1 Ng3 28. Kh2 Ne4 29. Re1 Nd6 30. Rxe8+ Nxe8 31. Ne5 c5 32. Kg3 Kf8
33. Nd7+ Ke7 34. Nxc5 Kd6 35. Ne4+ Kd5 36. Kf3 Nf6 37. Nd2 Nd7 38. Ke3 Ne5 39.
b3 g5 40. c4+ Kc6 41. Kd4 Ng6 42. g3 h5 43. b4 a6 44. a4 h4 45. gxh4 gxh4 46.
Ne4 Nf4 47. Ng5 Ne2+ 48. Kd3 Nc1+ 49. Kc2 Na2 50. Kb3 Nc1+ 51. Ka3 Kd6 52. Nf3
Nd3 53. Nxh4 Ke5 54. b5 a5 55. Nf3+ Kd6 56. Nd2 Nf4 57. h4 Ng6 58. Ne4+ Kd7 59.
c5 Nxh4 60. b6 Kc6 61. Kb3 Nf3 62. Nd6 Ne5 63. Ne4 Nd7 64. Kc4 Nxb6+ 65. cxb6
Kxb6 66. Nc3 g5 67. Kd3 Kc5 68. Kc2 Kb4 1/2-1/2

[Event "DEM U12 2011"]
[Site "Oberhof GER"]
[Date "2011.06.17"]
[Round "10"]
[White "Lederer, Leia"]
[Black "Bugdahl, Felix"]
[Result "0-1"]
[Termination "normal"]
[Board "37"]
[WhiteElo "1252"]
[BlackElo "1350"]
[PlyCount "62"]
[WhiteFideId "12926353"]
[BlackFideId "12938092"]
[EventCountry "GER"]
[EventRounds "11"]
[EventType "swiss"]
[EventDate "2011.06.11"]

1. e4 c6 2. d4 d5 3. e5 Bf5 4. f4 e6 5. Ne2 Nd7 6. Ng3 Nh6 7. Nd2 Be7 8. Nf3 c5
9. c3 Qb6 10. a3 Bg4 11. h3 Bh4 12. hxg4 Bxg3+ 13. Kd2 Nxg4 14. Kc2 Nf2 15. Qe2
Nxh1 16. Ng5 Nf2 17. Qh5 g6 18. Qh6 c4 19. Kb1 Nd1 20. Kc2 Qb3+ 21. Kd2 Bxf4+
22. Ke1 Bg3+ 23. Kd2 Nf2 24. Be2 Bf4+ 25. Ke1 Bxc1 26. Rxc1 Nd3+ 27. Bxd3 cxd3
28. Nxh7 Rxh7 29. Qxh7 Qxb2 30. Qh8+ Nf8 31. Qh6 Qe2# 0-1

[Event "DEM U12 2011"]
[Site "Oberhof GER"]
[Date "2011.06.17"]
[Round "10"]
[White "Torgashov, Katerina"]
[Black "Weis, Olga"]
[Result "0-1"]
[Termination "normal"]
[Board "38"]
[WhiteElo "1043"]
[BlackElo "1541"]
[PlyCount "156"]
[WhiteFideId "12938173"]
[BlackFideId "1270234"]
[EventCountry "GER"]
[EventRounds "11"]
[EventType "swiss"]
[EventDate "2011.06.11"]

1. e4 d5 2. exd5 Qxd5 3. Nc3 Qa5 4. d4 Nf6 5. Nf3 c6 6. Bd2 Qb6 7. Na4 Qc7 8.
h3 Bf5 9. Nc3 Nbd7 10. Bc4 e6 11. a3 Bd6 12. O-O O-O 13. Re1 Rac8 14. Be3 Nb6
15. Bb3 Nbd5 16. Nxd5 Nxd5 17. Bxd5 cxd5 18. c3 Qb6 19. Ra2 Rc7 20. Re2 Rfc8
21. Re1 Qb5 22. Bd2 Bd3 23. Nh2 Bc4 24. Ra1 Qxb2 25. a4 Qb6 26. Rb1 Bxh2+ 27.
Kxh2 Qd6+ 28. Kg1 Qe7 29. Qf3 Qh4 30. Bf4 Rd7 31. Bg3 Qh6 32. Bf4 Qf6 33. Rbc1
g5 34. Bg3 Qxf3 35. gxf3 Kg7 36. f4 h6 37. fxg5 hxg5 38. f4 gxf4 39. Bxf4 Bd3
40. Kf2 Rc4 41. a5 Ra4 42. Ra1 Rxa1 43. Rxa1 Rd8 44. Rh1 Rc8 45. Bd2 Bb5 46. h4
Kh7 47. h5 Rg8 48. h6 Bd3 49. Ke3 Be4 50. Rh2 Rg6 51. Kf2 f5 52. Bf4 Rg4 53.
Ke3 Rg2 54. Rh3 Rc2 55. Rh2 Rxc3+ 56. Kf2 Rf3+ 57. Ke1 Rxf4 58. Kd2 Rg4 59. Kc3
Rg2 60. Rh3 f4 61. Kb4 f3 62. Rh1 f2 63. Rf1 Bd3 64. Rxf2 Rxf2 65. Kc5 Rf4 66.
Kd6 Rxd4 67. Kxe6 Be4 68. Ke5 Ra4 69. Kf4 Bb1+ 70. Ke3 d4+ 71. Kd2 d3 72. a6 b5
73. Kc1 Rc4+ 74. Kd2 b4 75. Kd1 b3 76. Kd2 b2 77. Kd1 Bc2+ 78. Kd2 b1=Q 0-1